Almost 500 Nintendo Characters - Statistics

General Stats
  • This quiz has been taken 86 times
  • The average score is 95 of 465
Answer Stats
Main Series Answer % Correct
Super Mario Dr. Mario
99%
Super Mario Luigi
99%
Super Mario Mario
99%
Super Mario Bowser
96%
Super Mario Bowser Jr.
96%
Super Mario Dry Bowser
96%
Yoshi Black
93%
Yoshi Blue
93%
DK Cranky Kong (Donkey Kong)
93%
DK Donkey Kong (Donkey Kong Jr.)
93%
Yoshi Orange
93%
Super Mario Peach
93%
Yoshi Pink
93%
Yoshi Purple
93%
Yoshi Red
93%
Yoshi Sky Blue
93%
Yoshi White
93%
Yoshi Yellow
93%
Yoshi Yoshi
93%
Yoshi Yoshi (Yoshi's Crafted World)
93%
Zelda Link
88%
Zelda Link (Link's Adventure)
88%
Zelda Toon Link
88%
Zelda Young Link
88%
WarioWare Wario
87%
Kirby Kirby
85%
Zelda Sheik
85%
Zelda Zelda
85%
DK Diddy Kong
84%
Super Mario Daisy
81%
Super Mario Waluigi
81%
SF Ken
79%
Super Mario Captain Toad
75%
Super Mario Toad
75%
SF Gen
73%
Zelda Ganondorf (Ganon)
67%
Super Mario Rosalina
66%
MGS Fox (MGS)
63%
Starfox Fox (Starfox)
63%
Metroid Samus
61%
Super Mario Goomba
60%
Banjo-Kazooie | DK/Banjo-Kazooie Banjo
58%
Super Mario Koopa Troopa
57%
Banjo-Kazooie | DK/Banjo-Kazooie Kazooie
55%
Pokémon Pikachu
55%
Kirby Meta Knight
54%
Super Mario King Boo
52%
Fire Emblem | Super Mario Roy
52%
Minecraft Steve
52%
DK Baron K. Roolenstein
51%
DK Dixie Kong
51%
Starfox Falco
51%
DK Funky Kong
51%
DK Kaptain K. Rool
51%
Kirby King Dedede
51%
DK King K. Rool
51%
DK King "Krusha" K Rool
51%
Super Mario Toadette
51%
R.O.B. R.O.B.
49%
Pokémon Charizard
48%
Sonic Sonic
46%
Mega Man Mega Man
45%
Minecraft Alex
43%
Metroid Ridley
43%
Super Mario Boo
42%
Super Mario Ludwig
42%
Kid Icarus Pit
42%
Starfox Wolf
42%
Super Mario Luma
40%
Pokémon Charmander
39%
Metroid Dark Samus
39%
Super Mario Iggy
39%
F-Zero Captain Falcon
37%
Sonic Knuckles
37%
Earthbound Lucas
37%
Fire Emblem Marth
37%
Bandai Namco: PAC-MAN Pac-Man
37%
Pokémon Bulbasaur
36%
Animal Crossing Isabelle
36%
Super Mario Kamek
36%
Pokémon Mew
36%
Wii/Mii Mii
36%
Super Mario Morton
36%
Earthbound Ness
36%
Pokémon Squirtle
36%
Super Mario Wendy
36%
Zelda Impa
34%
Splatoon Inkling
34%
Pikmin Olimar
34%
Super Mario Pauline
34%
Sonic Shadow
34%
Kingdom Hearts Sora
34%
Sonic Tails
34%
Minecraft Zombie
34%
DK/Conker's Tales Conker
33%
Shooting: Duck Hunt Duck
33%
Super Mario Lemmy
33%
Fire Emblem Lucina
33%
Metroid Metroid
33%
Pokémon Mewtwo
33%
Final Fantasy Cloud
31%
Fire Emblem Ike
31%
Persona Joker
31%
Pokémon Pichu
31%
WarioWare Red
31%
SF Ryu
31%
Bayonetta Bayonetta
30%
Kid Icarus Dark Pit
30%
Minecraft Enderman
30%
Pokémon Ivysaur
30%
Super Mario Larry
30%
Panel De Pon Lip
30%
Pokémon Lucario
30%
Game and Watch Mr. Game and Watch
30%
Pokémon Raichu
30%
Super Mario Petey Piranha
28%
Sonic Amy
27%
Pokémon Blastoise
27%
Fire Emblem Chrom
27%
Shooting: Duck Hunt Dog
27%
Punch Out!! Little Mac
27%
Kingdom Hearts Mickey
27%
Kid Icarus Palutena
27%
Pikmin Pikmin
27%
Sonic Silver
27%
Starfox Slippy
27%
Animal Crossing Tom Nook
27%
WarioWare Ashley
25%
Fire Emblem Byleth
25%
Cuphead Cuphead
25%
Sonic Dr. Eggman
25%
Dragon Quest Hero
25%
ARMS Min-Min
25%
Castlevania Simon
25%
Wii Wii Fit Plus Trainer
25%
Wii Wii Fit Trainer
25%
Mega Man X
25%
Kirby Zero (Kirby)
25%
Mega Man Zero (Mega Man)
25%
Pokémon Jigglypuf
24%
Fire Emblem Robin
24%
Final Fantasy Sephiroth
24%
Xeno Shulk
24%
Minecraft Creeper
22%
Pokémon Greninja
22%
Undertale Sans
22%
Super Mario Toadsworth
22%
Kirby Waddle Dee
22%
Sonic Blaze
21%
Fire Emblem Corrin
21%
Zelda Fi
21%
Zelda Mipha
21%
Xeno Pyra
21%
Castlevania Richter
21%
MGS Snake
21%
Zelda Daruk
19%
WarioWare Kat
19%
Bandai Namco: Tekken Kazuya
19%
Starfox Krystal
19%
Starfox Peppy
19%
Earthbound Poo
19%
Sonic Rouge
19%
Zelda Urbosa
19%
Starfox Andross
18%
Kingdom Hearts Donald
18%
Mii: Streetpass Mii Plaza/Find Mii Dragon
18%
Pokémon Incineroar
18%
Bandai Namco: PAC-MAN Inky
18%
SF Mike
18%
Xeno Mythra
18%
Zelda Revali
18%
Shovel Knight Shovel Knight
18%
Pikmin Alph
16%
Bandai Namco: PAC-MAN Blinky
16%
Kirby Cappy
16%
Super Mario Cheep Cheep
16%
Mega Man Dr. Wily
16%
Pikmin Louie
16%
Bandai Namco: Mappy Mappy
16%
Zelda Midna
16%
Splatoon Octoling
16%
Bandai Namco: PAC-MAN Pinky
16%
Shantae Shantae
16%
Zelda Sidon
16%
FF Terry
16%
DK Wrinkly Kong
16%
Bandai Namco: PAC-MAN Clyde
15%
Castlevania Dracula
15%
Golden Sun Isaac
15%
Starfox Leon
15%
Wii/Mii/SSB Mii Brawler
15%
Wii/Mii/SSB Mii Gunner
15%
Wii/Mii/SSB Mii Swordfighter
15%
Xeno Rex
15%
DK Swanky Kong
15%
Zelda Tingle
15%
Metroid Zero Suit Samus
15%
Castlevania Alucard
13%
Pokémon Eevee
13%
Metroid MB
13%
Cuphead Mugman
13%
Starfox Pigma
13%
Tetris Tetrimo
13%
WarioWare 5 Volt
12%
WarioWare 9 Volt
12%
Persona Ann
12%
Starfox Bill
12%
Sonic Cream
12%
Metroid Ghor
12%
Punch Out!! Glass Joe
12%
Kid Icarus Hades
12%
Animal Crossing K.K. Slider
12%
Kirby Marx
12%
Yoshi Mini Bowser (Baby Bowser)
12%
WarioWare Mona
12%
Persona Morgana
12%
Metroid Mother Brain
12%
Starfox Panther
12%
ARMS Ribbon Girl
12%
Bandai Namco: Sky Kid Sky Kid
12%
Mega Man Dr. Light
10%
Zelda Ghirahim
10%
Pokémon Lugia
10%
Mach Rider Mach Rider
10%
Kid Icarus Medusa
10%
Nintendogs Nintendogs
10%
Zelda Old Man
10%
Omori Omori
10%
Undertale Papyrus
10%
Super Mario Paratroopa
10%
Super Mario Piranha Plant
10%
Pokémon Rayquaza
10%
Zelda Riju
10%
ARMS Spring Man
10%
Animal Crossing Timmy
10%
Animal Crossing Tommy
10%
Zelda Tri
10%
Kid Icarus Viridi
10%
Pokémon Dragonite
9%
Electroplankton Electroplankton
9%
Banjo-Kazooie Gruntilda
9%
DK Kritter
9%
PictoChat PictoChat Messenger Symbols
9%
Earthbound Porky
9%
Super Mario Professor E. Gadd
9%
Zelda Purah
9%
Mega Man Roll
9%
Zelda Ruto
9%
Pokémon Snorlax
9%
Stretchmo Stretchmo
9%
Kirby Waddle Doo
9%
WarioWare 18 Volt
7%
WarioWare Ana
7%
Starfox Andrew
7%
Kirby Bandana Waddle Dee
7%
Pikmin Charlie
7%
Pokémon Gengar
7%
Earthbound Jeff
7%
Pokémon Mudkip
7%
Metroid Nightmare
7%
Pilotwings Pilot
7%
Mega Man Proto Man
7%
Sakura Samurai Sakura Samurai
7%
F-Zero Samurai Goroh
7%
ARMS Twintelle
7%
Pokémon Umbreon
7%
Zelda Yunobo
7%
FF Andy
6%
Pokémon Arceus
6%
Pokémon Blaziken
6%
Pikmin Brittany
6%
Sonic Cheese
6%
Zelda Dark Link
6%
Zelda Darunia
6%
Zelda Demise
6%
Pokémon Giratina
6%
Pokémon Glaceon
6%
Pokémon Jolteon
6%
Metroid Kraid
6%
Animal Crossing Mabel
6%
Earthbound Paula
6%
WarioWare Penny
6%
Starfox Pepper
6%
Pokémon Sceptile
6%
Shin Onigashima Shin Onigashima
6%
Pokémon Typhlosion
6%
Pokémon Vaporeon
6%
Baten Kaitos Baten Kaitos
4%
Animal Crossing Blathers
4%
Kirby Chef Kawasaki
4%
Bandai Namco: Dragon Spirit Dragon Spirit
4%
WarioWare Dribble
4%
Kid Icarus Eggplant Wizard
4%
Pokémon Espeon
4%
Pokémon Feraligatr
4%
Kirby Galacta Knight
4%
Pokémon Gardevoir
4%
Earthbound Giygas
4%
Kirby Gooey
4%
Starfox Katt
4%
WarioWare Mantis
4%
Monster Hunter Monster Hunter
4%
Punch Out!! Mr. Sandman
4%
FF Raiden
4%
Mega Man Rush
4%
SF Sagat
4%
Minecraft Slime
4%
WarioWare Spitz
4%
Pokémon Swampert
4%
Zelda Teba
4%
Zelda Vaati
4%
Kirby Whispy Woods
4%
WarioWare 13 Amp
3%
Metroid Adam
3%
Zelda Agitha
3%
Starfox Aparoid
3%
Mega Man Bass
3%
Zelda Beedle
3%
Excitebike Biker
3%
FF Billy
3%
Super Mario Bowser's Brother
3%
WarioWare Cricket
3%
Pokémon Cyndaquil
3%
Pokémon Darkrai
3%
Brain Age Dr Kawashima
3%
F-Zero Dr. Stewart
3%
Pokémon Empoleon
3%
Super Mario Fawful
3%
Starfox Fay
3%
FreakyForms FreakyForms
3%
Pokémon Garchomp
3%
Pokémon Infernape
3%
FF | SF Joe
3%
DK Krusha
3%
Kirby Lalala
3%
Zelda Lana
3%
Starfox Lucy
3%
Kid Icarus Magnus
3%
Kirby Magolor
3%
Zelda Marin
3%
Metroid Meta Ridley
3%
Banjo-Kazooie Mumbo Jumbo
3%
Super Mario Nabbit
3%
Action Nana
3%
Kid Icarus Phosphora
3%
Action Popo
3%
Kid Icarus Poseidon
3%
Zelda Ravio
3%
FF Richard
3%
Persona Ryuji
3%
Metroid Sylux
3%
Zelda Zant
3%
Pokémon Absol
1%
SF Adon
1%
Pokémon Alakazam
1%
Action Alice
1%
Starfox Amanda
1%
Starfox Anglar
1%
Super Smash Brothers Announcer
1%
Pokémon Arcanine
1%
Kid Icarus Arlon
1%
Metroid Baby Metroid
1%
Punch Out!! Bald Bull
1%
Action Balloon Fighter
1%
SF Birdie
1%
Action Bubbles
1%
Yoshi Burt
1%
Action Condor
1%
Kirby Dark Matter
1%
Starfox Dash
1%
SF Eagle
1%
Super Mario: Wrecking Crew Foreman Spike
1%
WarioWare Fronk
1%
Bandai Namco: Galaxian Galaga
1%
Zelda Great Fairy
1%
Punch Out!! Kid Quick
1%
DK Klaptrap
1%
DK Klump
1%
Zelda Kohga
1%
Kuru Kuru Kururin
1%
SF Lee
1%
Kirby Lololo
1%
DK Lord Fredrick
1%
Pokémon Luxray
1%
Pokémon Metagross
1%
Metroid Metroid Prime
1%
Starfox Miyu
1%
Kirby Morpho Knight
1%
Pokémon Ninetales
1%
Kid Icarus Pandora
1%
F-Zero Pico
1%
Punch Out!! Piston Hurricane
1%
Punch Out!! Pizza Pasta
1%
Kid Icarus Pyrrhon
1%
Metroid Raven Beak
1%
Starfox ROB 64
1%
Metroid SA-X
1%
Starfox Scales
1%
Pokémon Scizor
1%
Pokémon Shaymin
1%
Shooting: Duck Hunt/NES Shooter
1%
Kid Icarus Thanatos
1%
Zelda The Lady
1%
Pokémon Weavile
1%
Zelda Yuga
1%
Zelda Ahganim
0%
Metroid Anthony
0%
Metroid Aurora Unit
0%
Action Balloon Man
0%
Starfox Beltino
0%
Kirby Blade Knight
0%
Kirby Cloaked Nightmare
0%
Kid Icarus Cragalanche
0%
Metroid Dachora
0%
Zelda Dark Toon Link
0%
Zelda Dark Young Link
0%
Earthbound Dr. Andonuts
0%
Big Brain Academy Dr Lobe
0%
MGS Dr. Madnar
0%
FF Duck King
0%
Kid Icarus Dyntos
0%
Metroid Etecoons
0%
Pokémon Flygon
0%
Pokémon Gallade
0%
Metroid Gandrayda
0%
FF Geese Howard
0%
SF Geki
0%
Metroid Gorea
0%
FF Hwa
0%
Metroid Ing Horde
0%
Starfox James (Star Fox)
0%
DK Kalypso
0%
Metroid Kanden
0%
Zelda King Tuft
0%
Zelda Linebeck
0%
Zelda Magda
0%
FF Michael
0%
Pokémon Milotic
0%
Mii Monita
0%
Banjo-Kazooie Mr. Jiggy
0%
Zelda Null
0%
Starfox Prince Tricky
0%
SF Retsu
0%
Metroid Rundas
0%
Pokémon Salamence
0%
Action Samm
0%
MGS Schneider
0%
Dragon Quest Slime (Dragon Quest)
0%
DK Stanley
0%
Kirby Sword Knight
0%
Kirby Taranza
0%
DK Tiki Tak Tribe
0%
FF Tung Fu Rue
0%
Pokémon Tyranitar
0%
Action Unira
0%
Animal Crossing Villager Player
0%
Action White Bear
0%
Pokémon Zoroak
0%
No matching quizzes found
Score Distribution
Percent of People with Each Score
Percentile by Number Answered
Your Score History
You have not taken this quiz